000
00208 a2200097 4500
001
57492
100
_a
245
_a
Minto dramy
260
_a
Lahore
_b
Sang-e- Meel Publications
_c
1996
090
_c
35222
_d
35222
942
_a
NUST-CAE
_c
_c
28028
999
_c
292565
_d
292565